000 00612nam a22002057a 4500
999 _c15035
_d15035
003 AR-CdUCM
008 190425b ||||| |||| 00| 0 spa d
020 _a978-84-683-0482-3
040 _aMUNICIPALIDAD PROVINCIAL DEL CUSCO
_cBIBLIOTECA MUNICIPAL DEL CUSCO
041 _hspa
082 _aES / 808.8 /
_bV27
100 _aValverde, Mikel
_934045
245 _aSkaters :
_bUn hombre sin pasado /
260 _aBarcelona :
_bEdebé,
_c2012.
300 _a267 páginas ;
_bilustraciones,
_c20 cm.
650 _aLiteratura
_983
650 _aSiglo XXI
_92856
942 _2ddc
_cLIBROS
945 _aachl
_d2019-04-25